On This Day: May 19th II Quiz Stats

 Plays Quiz Updated May 19, 2018

Score 0/7 Timer 03:00
0 Plays Today
Question Answer Wrong Answers
This leader founds the Legion of Honour, the highest French order of merit for military and civil distinctions.
1802
Napoleon Bonaparte
88.8%
Maximilien Robespierre
9.5%
Arthur Wellesley
0.9%
Mikhail Kutuzov
0.7%
This nation announces that the Suez Canal is closed to Israeli ships and commerce.
1950
Egypt
88.1%
Lebanon
2.7%
Jordan
4.1%
Saudi Arabia
4.3%
This American minister and human rights activist, known as an advocate for Pan-Africanism, black self-determination, and black self-defense, is born.
1925
Malcolm X
82.1%
Medgar Evers
6.3%
Marcus Garvey
9%
James Baldwin
2.1%
This US President signs the Firearm Owners Protection Act, revising many provisions of the Gun Control Act of 1968.
1986
Ronald Reagan
77.2%
Jimmy Carter
6.7%
George H. W. Bush
9.4%
Bill Clinton
5.2%
The United States Congress passes the Emergency Quota Act, establishing national quotas on ______.
1921
Immigration
62.4%
Imported Goods
22.2%
Agricultural Production
12.3%
Pollution Emissions
2.9%
An oil spill north of Refugio State Beach deposits 3,400 barrels of crude oil into an area in ______ considered one of the most biologically diverse coastlines of the west coast.
2015
California
30.2%
Washington
9.6%
Oregon
9.6%
Alaska
48.7%
Though the Soviet Union had lost contact with the probe a month earlier, Venera 1 becomes the first man-made object to ______.
1961
Fly by Another Planet
25.6%
Orbit Earth
44.7%
Leave the Solar System
26.2%
Break the Sound Barrier
2.3%

You're not logged in!

Compare scores with friends on all Sporcle quizzes.
OR
Log In

Sporcle TV

Today on Sporcle TV


Watch our educational content, quiz creation guides, and fun videos on Sporcle TV.

Show Comments

Extras

Top Quizzes Today


Score Distribution

Your Account Isn't Verified!

In order to create a playlist on Sporcle, you need to verify the email address you used during registration. Go to your Sporcle Settings to finish the process.

Report this User

Report this user for behavior that violates our Community Guidelines.

Details: